Proyecto estructura productiva en el agro: café, caña de azúcar y ganadería 1950-1976

Đã lưu trong:
Chi tiết về thư mục
Tác giả chính: Fernández Arias, Mario E.
Định dạng: Texto
Được phát hành: s.n.t. :
Các nhãn: Thêm thẻ
Không có thẻ, Là người đầu tiên thẻ bản ghi này!

MARC

LEADER 00000 a a2200000 04500
001 15871
003
040
090 |a 019900  
100 |a Fernández Arias, Mario E.  
245 |a Proyecto estructura productiva en el agro: café, caña de azúcar y ganadería 1950-1976  
260 |a s.n.t. :  
300 |a 22 p.  
999 |c 15764  |d 15764